Countries That Begin With A 'G' - Statistics

General Stats
  • This quiz has been taken 245 times
  • The average score is 8 of 11
Answer Stats
Answer % Correct
Germany
81%
Gambia, The
80%
Ghana
79%
Gabon
77%
Guyana
76%
Guinea
75%
Guatemala
73%
Grenada
72%
Greece
69%
Guinea-Bissau
63%
Georgia
58%
No matching quizzes found
Score Distribution
Percent of People with Each Score
Percentile by Number Answered
Your Score History
You have not taken this quiz